|
|
|
|
| LEADER |
01176Cjm#a2200301a#44500 |
| 001 |
022439 |
| 003 |
AR-BeUNQ |
| 005 |
20190506134656.0 |
| 008 |
110217s2004 ag fm|dg#i | u und d |
| 999 |
|
|
|c 3211
|d 78598
|
| 040 |
|
|
|a AR-BeUNQ
|e aacr
|
| 082 |
0 |
4 |
|a 785.13
|2 21
|
| 245 |
0 |
2 |
|a Trío argentino
|h [grabación sonora] .
|
| 260 |
|
|
|a Buenos Aires :
|b Epsa,
|c p[2004]
|
| 300 |
|
|
|a 1 CD ROM (1 h. 07 min.) :
|b digital, estéreo ;
|c 4 3/4 plg +
|e 1 folleto plegable (12 cm.)
|
| 505 |
0 |
|
|a Trío en mi bemol D. 929 (op. póstumo) / Franz Schubert (48:28) -- Trío en re menor op. 120 / Gabriel Fauré (19:01)
|
| 511 |
0 |
|
|a Fernando Pérez, piano ; Elías Gurevich, violín ; Jorge Pérez Tedesco, violonchelo .
|
| 650 |
|
7 |
|a Música
|2 spines
|
| 650 |
|
7 |
|a Música clásica
|2 unescot
|
| 650 |
|
7 |
|a Concierto
|
| 653 |
|
|
|a CD-Audio
|
| 700 |
1 |
|
|a Schubert, Franz
|d (1797-1828)
|
| 700 |
1 |
|
|a Fauré, Gabriel
|d (1845-1924)
|
| 700 |
1 |
|
|a Pérez, Fernando
|e intérprete
|4 itr
|
| 700 |
1 |
|
|a Gurevich, Elías
|e intérprete
|4 itr
|
| 700 |
1 |
|
|a Pérez Tedesco, Jorge
|e intérprete
|4 itr
|
| 929 |
|
|
|a DONACION
|b Martín Liut
|d 0
|e 20100318
|f PAT0033912
|g 1502 Exp. 827-0387/98
|j 45815
|
| 942 |
|
|
|c CD
|n 0
|